000 01155nam a2200277 a 4500
999 _c418233
_d418233
003 BLK
005 20250729100739.0
008 180411b bul|||||r ||||||| ||bul||
010 _aKNG00188360000
020 _a9786197055856
040 _aBLK
041 _aBUL
_cBUL
072 7 _2bullib
_aН83
_xЧужда художествена литература Н
080 _aАмериканска литература (на САЩ)
_b821.111(73)
_x-31
_z821.111(73)-31
100 _aАмиррезвани, Анита
_eпърви автор
_9456686
139 _aАмиррезвани, Анита
_bА 62
245 1 0 _aКръвта на цветята
_cАнита Амиррезвани; прев. от англ. Лидия Шведова
257 _aBGR
260 _aСофия
_bЛабиринт
_c2021
_9210561
_fСофия : Симолини 94
300 _a362 с.
_c20 см
380 _aX
500 _aОриг. загл.: The Blood of Flowers / Anita Amirrezvani.
700 _aШведова, Лидия Михайлова
_9247118
_eпрев. от англ.
942 _cKNG
_n0
_051
_s1
944 _k30575
_lМартин Енчев